000 00747nam a22002057a 4500
003 OSt
005 20251024084651.0
008 251024b |||||||| |||| 00| 0 eng d
020 _a978-621-406-317-8
040 _aDWC-Main lib.
_cOC
082 _aFil. 338.4791 A642t 2021
100 _aAlwen Jose A. Apid
245 _aTravel and Tour Management
_b: Industrial training reference for the national certification II Assessment in travel services and future profession/
_cAlwen Jose A. Apid
260 _aManila:
_b Mindshapers co. Inc,
_cc2021.
300 _avii, 143 pages :
_billustrations ;
_c 23cm.
504 _aIncludes bibliographical references
650 _aTourism
650 _a2. Travel-- mangement
942 _2ddc
_cBK - FIL
_kFil.
_n0
999 _c5123
_d5123